<?xml version="1.0" encoding="UTF-8"?>
<record
    xmlns:xsi="http://www.w3.org/2001/XMLSchema-instance"
    xsi:schemaLocation="http://www.loc.gov/MARC21/slim http://www.loc.gov/standards/marcxml/schema/MARC21slim.xsd"
    xmlns="http://www.loc.gov/MARC21/slim">

  <leader>01830nam a22003735n 4500</leader>
  <datafield tag="999" ind1=" " ind2=" ">
    <subfield code="c">29027</subfield>
    <subfield code="d">28998</subfield>
  </datafield>
  <controlfield tag="003">EG-ScBUE</controlfield>
  <controlfield tag="005">20201116124215.0</controlfield>
  <controlfield tag="008">200219s2015    cc     f      001 0 chi d</controlfield>
  <datafield tag="020" ind1=" " ind2=" ">
    <subfield code="a">9787561910467</subfield>
  </datafield>
  <datafield tag="040" ind1=" " ind2=" ">
    <subfield code="a">EG-ScBUE</subfield>
    <subfield code="b">eng</subfield>
    <subfield code="e">rda</subfield>
    <subfield code="c">EG-ScBUE</subfield>
    <subfield code="d">EG-ScBUE</subfield>
  </datafield>
  <datafield tag="082" ind1="0" ind2="4">
    <subfield code="a">495.182421</subfield>
    <subfield code="b">HAN</subfield>
    <subfield code="2">22</subfield>
  </datafield>
  <datafield tag="245" ind1="0" ind2="0">
    <subfield code="a">&#x6C49;&#x8BED;&#x9605;&#x8BFB;&#x6559;&#x7A0B;.</subfield>
    <subfield code="n">&#x4E0A;&#x518C; /</subfield>
    <subfield code="c">&#x9648;&#x7530;&#x987A;, &#x6731; &#x5F64; &#x7F16;&#x8457;, &#x5F90;&#x71D5;&#x519B;. = Hanyu yuedu jiaocheng. shang ce = H&#xE0;n y&#x1D4; yu&#xE8; d&#xFA; ji&#xE0;o ch&#xE9;ng . sh&#xE0;ng c&#xE8; / ch&#xE9;n ti&#xE1;n sh&#xF9;n, zh&#x16B; t&#xF3;ng bi&#x101;n zh&#xF9;, x&#xFA; y&#xE0;n j&#x16B;n. = Chinese reading course. volume 1 / edited by Chen Tianshun, Zhu Tong, Xu Yanjun.</subfield>
  </datafield>
  <datafield tag="246" ind1="3" ind2="1">
    <subfield code="a">Hanyu yuedu jiaocheng.</subfield>
    <subfield code="n">shang ce</subfield>
  </datafield>
  <datafield tag="246" ind1="3" ind2="1">
    <subfield code="a">H&#xE0;n y&#x1D4; yu&#xE8; d&#xFA; ji&#xE0;o ch&#xE9;ng.</subfield>
    <subfield code="n">sh&#xE0;ng c&#xE8;</subfield>
  </datafield>
  <datafield tag="246" ind1="3" ind2="1">
    <subfield code="a">Chinese reading course.</subfield>
    <subfield code="n">volume 1</subfield>
  </datafield>
  <datafield tag="250" ind1=" " ind2=" ">
    <subfield code="a">&#x7B2C;8&#x7248; = </subfield>
    <subfield code="b">Di 8 ban = eighth edition.</subfield>
  </datafield>
  <datafield tag="264" ind1=" " ind2="1">
    <subfield code="a">Beijing :</subfield>
    <subfield code="b">Beijing Language and Culture University Press,</subfield>
    <subfield code="c">2015.</subfield>
  </datafield>
  <datafield tag="264" ind1=" " ind2="1">
    <subfield code="a">&#x5317;&#x4EAC; :</subfield>
    <subfield code="b"> &#x5317;&#x4EAC;&#x8BED;&#x8A00;&#x6587;&#x5316;&#x5927;&#x5B66;&#x51FA;&#x7248;&#x793E; = Beijing yu yan wen hua da xue chu ban she,</subfield>
    <subfield code="c">2015.</subfield>
  </datafield>
  <datafield tag="300" ind1=" " ind2=" ">
    <subfield code="a">volume 1 (329 pages) ;</subfield>
    <subfield code="c">24 cm.</subfield>
  </datafield>
  <datafield tag="336" ind1=" " ind2=" ">
    <subfield code="a">text</subfield>
    <subfield code="b">txt</subfield>
    <subfield code="2">rdacontent</subfield>
  </datafield>
  <datafield tag="337" ind1=" " ind2=" ">
    <subfield code="a">unmediated</subfield>
    <subfield code="b">n</subfield>
    <subfield code="2">rdamedia</subfield>
  </datafield>
  <datafield tag="338" ind1=" " ind2=" ">
    <subfield code="a">volume</subfield>
    <subfield code="b">nc</subfield>
    <subfield code="2">rdacarrier</subfield>
  </datafield>
  <datafield tag="490" ind1="0" ind2=" ">
    <subfield code="a">&#x5BF9;&#x5916;&#x6C49;&#x8BED;&#x672C;&#x79D1;&#x7CFB;&#x5217;&#x6559;&#x6750;.</subfield>
    <subfield code="a">&#x8BED;&#x8A00;&#x6280;&#x80FD;&#x7C7B;(&#x4E8C;&#x5E74;&#x7EA7;) =</subfield>
    <subfield code="a">Dui wai Han yu ben ke xi lie jiao cai.</subfield>
    <subfield code="a">Yu yan ji neng lei (er nian ji) =</subfield>
    <subfield code="a">Series of textbooks for undergraduate Chinese as a foreign language.</subfield>
    <subfield code="a">Language skills (second grade)</subfield>
  </datafield>
  <datafield tag="500" ind1=" " ind2=" ">
    <subfield code="a">Includes index.</subfield>
  </datafield>
  <datafield tag="521" ind1="3" ind2=" ">
    <subfield code="a">For grade 2.</subfield>
  </datafield>
  <datafield tag="650" ind1=" " ind2="7">
    <subfield code="a">Chinese language</subfield>
    <subfield code="v">Textbooks for foreign speakers.</subfield>
  </datafield>
  <datafield tag="650" ind1=" " ind2="7">
    <subfield code="a">Chinese language</subfield>
    <subfield code="x">Study and teaching</subfield>
    <subfield code="x">Foreign speakers.</subfield>
    <subfield code="2">BUEsh</subfield>
  </datafield>
  <datafield tag="653" ind1=" " ind2=" ">
    <subfield code="b">HHUUCCHH</subfield>
    <subfield code="c">November2020</subfield>
  </datafield>
  <datafield tag="655" ind1=" " ind2=" ">
    <subfield code="v">Text book</subfield>
    <subfield code="9">33728</subfield>
  </datafield>
  <datafield tag="700" ind1="1" ind2=" ">
    <subfield code="a">Tianshun, Chen, </subfield>
    <subfield code="e">editor.</subfield>
  </datafield>
  <datafield tag="700" ind1="1" ind2=" ">
    <subfield code="a">Tong, Zhu,</subfield>
    <subfield code="e">editor.</subfield>
  </datafield>
  <datafield tag="700" ind1="1" ind2=" ">
    <subfield code="a">Yanjun, Xu,</subfield>
    <subfield code="e">editor.</subfield>
  </datafield>
  <datafield tag="942" ind1=" " ind2=" ">
    <subfield code="2">ddc</subfield>
    <subfield code="c">BB</subfield>
  </datafield>
  <datafield tag="952" ind1=" " ind2=" ">
    <subfield code="0">0</subfield>
    <subfield code="1">0</subfield>
    <subfield code="2">ddc</subfield>
    <subfield code="4">0</subfield>
    <subfield code="7">0</subfield>
    <subfield code="8">Baccah</subfield>
    <subfield code="a">MAIN</subfield>
    <subfield code="b">MAIN</subfield>
    <subfield code="c">2ND</subfield>
    <subfield code="d">2020-11-16</subfield>
    <subfield code="e">Purchase</subfield>
    <subfield code="l">0</subfield>
    <subfield code="o">495.182421 HAN</subfield>
    <subfield code="p">000050076</subfield>
    <subfield code="r">2025-07-15 00:00:00</subfield>
    <subfield code="w">2020-11-16</subfield>
    <subfield code="y">BB</subfield>
  </datafield>
</record>
